Wir wiederholen Differential - und Integralrechnung
Gespeichert in:
| 1. Verfasser: | |
|---|---|
| Format: | Buch |
| Sprache: | Deutsch |
| Veröffentlicht: |
Leipzig
Fachbuchverlag
1982
|
| Tags: |
Keine Tags, Fügen Sie das erste Tag hinzu!
|
MARC
| LEADER | 00000nam a2200000 4500 | ||
|---|---|---|---|
| 001 | c133896 | ||
| 005 | 20221220100323.7 | ||
| 041 | 0 | |a ger | |
| 044 | |a DE | ||
| 245 | 1 | 0 | |a Wir wiederholen Differential - und Integralrechnung |c Alfred Hilbert |
| 264 | 1 | |a Leipzig |b Fachbuchverlag |c 1982 | |
| 300 | |a 112 s. | ||
| 100 | 1 | |a Hilbert, Alfred | |